000 00582nam a22002177a 4500
003 UA-OsUOA
001 69684
007 ta
008 20100705b un ||||| |||| 00| 0 ukr d
100 _aХмуровська О.
090 _a908
_bХ66
942 _cSA
040 _aUA-OsUOA
_bukr
_cUA-OsUOA
_dUA-OsUOA
245 _aОстрожанин вперше в Україні переклав Коран
300 _aС.4
955 _a0
041 _aukr
080 _a908
773 0 _w69683
_tЕксперс
_dРівне
_d2010
_g26
650 7 _a908 Краєзнавство
_2UDC
999 _c355987
_d355987